000 01020nam a22002537a 4500
003 BD-DhSAU
005 20211018183510.0
008 210929b |||||||| |||| 00| 0 eng d
040 _aBD-DhSAU
082 _222
_a338.176
_bAb327
100 _aABDULLA, MD. SHEFATH
_eRegistration No.:# 13-05630
245 _aStudy on livestock by-products & waste materials management practices at some selected slaughter-houses in dhaka city /
_bMs Thesis
260 _aSher-e-Bangla Agricultural University Dhaka 1207;
_bDepartment of Animal Production And Management;
_c2020;
300 _axi;
_b89p.;
_c30cm.;
500 _aIncluding Index.;
590 _anazmul
600 _qlivestock by-products
610 _awaste materials management practices
650 _aslaughter-houses in dhaka city
700 _aDr. Md. Saiful Islam
_eSupervisor
710 _aProf. Dr. Md. Jahangir Alam
_eCo-Supervisor
856 _yOnline Access
_uhttp://archive.saulibrary.edu.bd:8080/xmlui/handle/123456789/3405
942 _2ddc
_cTHESIS
999 _c15585
_d15584